000 00745nam a2200277 a 4500
001 33695
003 AR-BaAGN
005 20231116150306.0
007 ta
008 220625s2008 ag |||||r|||| ||||||spa d
020 _a978-987-05-4429-6
040 _dAR-BaAGN
_aAR-BaAGN
_bspa
_eaacr
100 1 _aPlaza Navamuel, Rodolfo Leandro
245 1 0 _aTarijeños, altoperuanos y salteños consustanciados con la causa de Mayo
250 _a1ª ed.
260 _aSalta :
_bEl autor,
_c2008.
300 _a42 páginas
336 _2rdacontent
_btxt
337 _2rdamedia
_bn
338 _2rdacarrier
_bnc
650 4 _aREVOLUCIÓN DE MAYO
_9914
942 _cLIBRO
999 _c33695
_d33695